000 00815nam a2200241 a 4500
005 20191224041515.0
008 140219b1990 ck ||||| |||| 00| 0 spa d
040 _aCO-BoIAVH
_cCO-BoIAVH
041 _aspa
044 _ack
090 _aFG-
_b-0043
110 2 _947093
_aCorporación Autónoma Regional del Valle del Cauca - CVC
_bCorporación Autónoma Regional del Valle del Cauca
245 1 _aPeces del departamento del Valle del Cauca
_bRiqueza ictiológica
260 _aCali
_bCVC
_c1990?
300 _a1 Plegable:
_bIlustraciones;
_c22x15 Centimetros
650 1 4 _aPeces
_965448
650 1 4 _aRecursos pesqueros
_965449
650 1 4 _aRecursos hidrobiológicos
_92554
650 1 4 _aInventarios
_965451
650 1 4 _aDescripción especies
_938669
662 _aColombia
_bValle del Cauca
942 _cFolleto
_2z
999 _c165
_d165